Ingresos y gastos de las familias del Area Metropolitana de San José, según encuesta preliminar de 1958 /
El documento presenta los resultados de la encuesta realizada por el Departamento de Estadísticas Sociales de la Dirección General de Estadística y Censos, del Ministerio de Economía y Hacienda, en el que se toca el tema de la situación económica y social de la población costarricense, así como el m...
Guardado en:
| Institution som forfatter: | |
|---|---|
| Format: | Texto |
| Sprog: | Spanish |
| Udgivet: |
San José:
MEH. DGEC. Sección de Publicaciones
1960
|
| Fag: | |
| Tags: |
Tilføj Tag
Ingen Tags, Vær først til at tagge denne postø!
|
MARC
| LEADER | 00000 a a2200000 04500 | ||
|---|---|---|---|
| 001 | 18000 | ||
| 003 | cru CIDCACS/IIS | ||
| 005 | 20230523112911.0 | ||
| 008 | 230523e1960 cr ||||| |||| 00| 0 spa d | ||
| 040 | |c CRAI/IIS | ||
| 090 | |a 03.01.02 CR8375i | ||
| 110 | |a Costa Rica. Ministerio de Economía, Industria y Comercio. Dirección General de Estadística y Censos | ||
| 245 | |a Ingresos y gastos de las familias del Area Metropolitana de San José, según encuesta preliminar de 1958 / |c Costa Rica. Ministerio de Economía, Industria y Comercio. Dirección General de Estadística y Censos | ||
| 260 | |a San José: |b MEH. DGEC. Sección de Publicaciones |c 1960 | ||
| 300 | |a 57 páginas | ||
| 520 | |a El documento presenta los resultados de la encuesta realizada por el Departamento de Estadísticas Sociales de la Dirección General de Estadística y Censos, del Ministerio de Economía y Hacienda, en el que se toca el tema de la situación económica y social de la población costarricense, así como el movimiento agrícola, comercial, industrial, la enseñanza, vivienda, salud, ingresos y precios. | ||
| 650 | 0 | |9 4674 |a COMERCIO | |
| 650 | 0 | |9 7123 |a CAMBIOS SOCIALES | |
| 650 | 4 | |9 2602 |a POBLACION | |
| 650 | 7 | |9 9193 |a CAPITAL INDUSTRIAL | |
| 651 | 0 | |9 32 |a COSTA RICA | |
| 942 | |2 ddc |c LITG |h 03.01.02 CR8375i |i 05534 |6 030102_CR8375I_05534 | ||
| 999 | |c 12087 |d 12087 | ||
